00000000nam 2200000zi 4500
0019.922344
003CaOODSP
00520230505145128
006m     o  d f      
007cr |n|||||||||
008230505t20012001onca    o    f000 0|eng d
020 |z0662657837
040 |aCaOODSP|beng|erda|cCaOODSP
043 |an-cn---
0861 |aC2-413/2001E-PDF|zC2-413/2001
24500|aGetting the voluntary sector on-line.
264 1|a[Ottawa] : |bGovernment of Canada = Gouvernement du Canada, |c[2001]
264 4|c©2001
300 |a1 online resource (2 unnumbered pages) : |billustrations
336 |atext|btxt|2rdacontent
337 |acomputer|bc|2rdamedia
338 |aonline resource|bcr|2rdacarrier
500 |aDigitized edition from print [produced by Innovation, Science and Economic Development Canada].
500 |aIssued also in French under title: Brancher le secteur du bénévolat.
500 |a"53416B."
650 0|aNonprofit organizations|zCanada.
650 0|aVoluntarism|zCanada|xAutomation.
650 0|aInternet|zCanada.
7101 |aCanada. |bIndustry Canada, |eissuing body.
77508|tBrancher le secteur du bénévolat.|w(CaOODSP)9.922345
85640|qPDF|s647 KB|uhttps://publications.gc.ca/collections/collection_2023/isde-ised/c2/C2-413-2001-eng.pdf